LEADER 01663cam0-2200517---450- 001 990000090030203316 005 20090714151007.0 010 $a88-324-3977-8 035 $a0009003 035 $aUSA010009003 035 $a(ALEPH)000009003USA01 035 $a0009003 100 $a20000914d2000----|||y0itay0103----ba 101 0 $aita 102 $ait 105 $a||||||||001yy 200 1 $a<>affitto d'azienda$edisciplina civilistica del contratto, adempimenti fiscali e contabili, formulario$fMarco Levis, Emanuela Gromis di Trana 205 $a3. ed. 210 $aMilano$cIl sole 24 ore$d2000 215 $aXIX, 391, 7 p.$d24 cm$e+ 1 floppy-disk 606 0 $aAziende Affitto$xAffitto 676 $a346.4504346 700 1$aLEVIS,$bMarco$0381675 701 1$aGROMIS DI TRANA,$bEmanuela$0541836 801 $aIT$bSALBC$gISBD 912 $a990000090030203316 951 $aXXV.1.H 248 (IG I 1613)$b26275 G.$cXXV.1.H 248 (IG I)$d00005576 959 $aBK 969 $aGIU 979 $c20000914$lUSA01$h1741 979 $c20001019$lUSA01$h1056 979 $c20001019$lUSA01$h1454 979 $c20001019$lUSA01$h1501 979 $c20001019$lUSA01$h1539 979 $c20001024$lUSA01$h1515 979 $c20001027$lUSA01$h1519 979 $c20001027$lUSA01$h1524 979 $c20001110$lUSA01$h1710 979 $c20001124$lUSA01$h1208 979 $c20020403$lUSA01$h1616 979 $aPATRY$b90$c20040406$lUSA01$h1607 979 $aPATRY$b90$c20050125$lUSA01$h1614 979 $aRSIAV5$b90$c20090714$lUSA01$h1510 979 $aCHIARA$b90$c20110519$lUSA01$h1422 996 $aAffitto d'azienda$91514846 997 $aUNISA LEADER 02333nam a2200373|i 4500 001 991003812539707536 005 20021223130858.0 008 020327s|||| sz u u enguu 020 $a9280507095 035 $ab11867929-39ule_inst 035 $aLE02989057$9ExL 040 $aISUFI - Sett. Diritti e Politiche Euromediterranee$bita 082 0 $a346.048 110 2 $aWorld Intellectual Property Organization$0464697 245 10$aWIPO Performances and Phonograms Treaty (WPPT) (1996) :$bwith the agreed statements of the Diplomatic Conference that adopted the Treaty, and the provisions of the Berne Convention (1971) and of the Rome Convention (1961) referred to in the Treaty 260 0 $aGeneva :$bWIPO,$c1997 300 $a36 p. ;$c21 cm 490 0 $aWIPO publication ;$v227(E) 500 $a"Reprinted 1998"--T.p. verso. 500 $aWIPO Performances and Phonograms Treaty (WPPT)(1996) -- Provisions of the Berne Convention for the Protection of Literary and Artistic Works (1971) referred to in the WPPT -- Provisions of the International Convention for the Protection of Performers, Producers of Phonograms and Broadcasting Organizations (the Rome Convention)(1961) referred to in the WPPT. 500 $aConsists of the text of the WIPO Performances and Phonograms Treaty (1996), and the relevant provisions of the Berne Convention (1971) and of the Rome Convention (1961). 650 4$aBerne Convention for the Protection of Literary and Artistic Works (1971) 650 4$aCopyright - Artistic performance 650 4$aCopyright - Sound recordings 650 4$aCopyright, International 650 4$aInternational Convention for the Protection of Performers, Producers of Phonograms and Broadcasting Organizations (1961) 650 4$aWorld Intellectual Property Organization Performances and Phonograms Treaty (1996) 907 $a.b11867929$b28-04-17$c23-12-02 912 $a991003812539707536 945 $aLE029 346.048 WIP01.41$g1$iLE029-3532$lle029$o-$pE0.00$q-$rn$so $t0$u0$v0$w0$x0$y.i12120893$z23-12-02 945 $aLE029 346.048 WIP01.41 C.2$g2$i2029000005875$lle029$op$pE13.00$q-$rn$so $t0$u0$v0$w0$x0$y.i13040753$z10-12-03 996 $aWIPO Performances and Phonograms Treaty (WPPT) (1996)$9901285 997 $aUNISALENTO 998 $ale029$b01-01-02$cm$da $e-$feng$gsz $h0$i1 LEADER 05252nam 2201177 a 450 001 9910777348903321 005 20230617024335.0 010 $a9786612356964 010 $a0-520-92937-3 010 $a1-282-35696-8 010 $a1-59734-596-2 024 7 $a10.1525/9780520929371 035 $a(CKB)1000000000002526 035 $a(EBL)223219 035 $a(OCoLC)475927327 035 $a(SSID)ssj0000146461 035 $a(PQKBManifestationID)11164964 035 $a(PQKBTitleCode)TC0000146461 035 $a(PQKBWorkID)10186653 035 $a(PQKB)11188175 035 $a(MiAaPQ)EBC223219 035 $a(OCoLC)56028105 035 $a(MdBmJHUP)muse30515 035 $a(DE-B1597)520794 035 $a(DE-B1597)9780520929371 035 $a(Au-PeEL)EBL223219 035 $a(CaPaEBR)ebr10062301 035 $a(CaONFJC)MIL235696 035 $a(EXLCZ)991000000000002526 100 $a20020913d2003 ub 0 101 0 $aeng 135 $aurcn||||||||| 181 $ctxt 182 $cc 183 $acr 200 10$aEncomium of Ptolemy Philadelphus$b[electronic resource] /$fTheocritus ; text and translation with introduction and commentary by Richard Hunter 210 $aBerkeley $cUniversity of California Press$dc2003 215 $a1 online resource (245 p.) 225 1 $aHellenistic culture and society ;$v39 300 $aDescription based upon print version of record. 311 0 $a0-520-23560-6 320 $aIncludes bibliographical references (p. 201-218) and indexes. 327 $tFront matter --$tCONTENTS --$tPREFACE --$tCONVENTIONS AND ABBREVIATIONS --$tIntroduction --$tSigla --$tCommentary --$tREFERENCES --$tGENERAL INDEX --$tINDEX OF GREEK WORDS --$tINDEX LOCORUM 330 $aUnder Ptolemy II Philadelphus, who ruled Egypt in the middle of the third century B.C.E., Alexandria became the brilliant multicultural capital of the Greek world. Theocritus's poem in praise of Philadelphus-at once a Greek king and an Egyptian pharaoh-is the only extended poetic tribute to this extraordinary ruler that survives. Combining the Greek text, an English translation, a full line-by-line commentary, and extensive introductory studies of the poem's historical and literary context, this volume also offers a wide-ranging and far-reaching consideration of the workings and representation of poetic patronage in the Ptolemaic age. In particular, the book explores the subtle and complex links among Theocritus's poem, modes of praise drawn from both Greek and Egyptian traditions, and the subsequent flowering of Latin poetry in the Augustan age. As the first detailed account of this important poem to show how Theocritus might have drawn on the pharaonic traditions of Egypt as well as earlier Greek poetry, this book affords unique insight into how praise poetry for Ptolemy and his wife may have helped to negotiate the adaptation of Greek culture that changed conditions of the new Hellenistic world. Invaluable for its clear translation and its commentary on genre, dialect, diction, and historical reference in relation to Theocritus's Encomium, the book is also significant for what it reveals about the poem's cultural and social contexts and about Theocritus' devices for addressing his several readerships. COVER IMAGE: The image on the front cover of this book is incorrectly identified on the jacket flap. The correct caption is: Gold Oktadrachm depicting Ptolemy II and Arsinoe (mid-third century BCE; by permission of the Museum of Fine Arts, Boston). 410 0$aHellenistic culture and society ;$v39. 606 $aLITERARY CRITICISM / Ancient & Classical$2bisacsh 610 $aalexandria. 610 $aancient egypt. 610 $aancient greece. 610 $aaristophanes. 610 $aarsinoe ii. 610 $aart. 610 $aaugustan poetry. 610 $aclassical studies. 610 $aclouds. 610 $aegypt. 610 $aencomium. 610 $agenre studies. 610 $agreek culture. 610 $agreek poetry. 610 $agreek world. 610 $ahellenism. 610 $ahellenistic poetry. 610 $ahellenistic world. 610 $aheracles. 610 $ahomeric hymn. 610 $ahymn. 610 $aking. 610 $alatin poetry. 610 $aliterary criticism. 610 $amonarchy. 610 $amythology. 610 $apatronage. 610 $apatrons. 610 $apharaoh. 610 $apharaonic traditions. 610 $aphiladelphus. 610 $apithom stele. 610 $apoetic meter. 610 $apoetic tribute. 610 $apoetry. 610 $apoets. 610 $apraise. 610 $aptolemaic dynasty. 610 $aptolemy ii. 610 $areign. 610 $aruler. 610 $atheocritus. 610 $athird century. 610 $azeus. 615 7$aLITERARY CRITICISM / Ancient & Classical. 676 $a884/.01 700 $aTheocritus$05766 701 $aHunter$b R. L$g(Richard L.)$0152606 801 0$bMiAaPQ 801 1$bMiAaPQ 801 2$bMiAaPQ 906 $aBOOK 912 $a9910777348903321 996 $aEncomium of Ptolemy Philadelphus$93741826 997 $aUNINA